|
|
|
|
| LEADER |
00000nam0a2200000 4500 |
| 001 |
117460 |
| 005 |
20231101215414.0 |
| 010 |
|
|
|a 562000337X
|
| 020 |
|
|
|a RU
|b 87-26844
|
| 035 |
|
|
|a (RuTPU)RU\TPU\book\127141
|
| 090 |
|
|
|a 117460
|
| 100 |
|
|
|a 20070602d1990 m a0rusy5003 ca
|
| 101 |
0 |
|
|a kaz
|
| 102 |
|
|
|a KZ
|
| 105 |
|
|
|a a z 000zy
|
| 200 |
1 |
|
|a Арал: сегодня и завтра
|f под ред. С. Никановой
|
| 210 |
|
|
|c Кайнар
|d 1990
|a Алма-Ата
|
| 215 |
|
|
|a 280 с.
|c ил.
|
| 606 |
|
|
|a Аральское море
|x Экология
|2 stltpush
|3 (RuTPU)RU\TPU\subj\38845
|9 59098
|
| 610 |
1 |
|
|a окружающая среда
|
| 610 |
1 |
|
|a охрана
|
| 675 |
|
|
|a 504.4
|v 3
|
| 702 |
|
1 |
|a Никанова
|b С.
|4 340
|
| 801 |
|
0 |
|a RU
|b RuMRKP
|c 19950417
|g psbo
|
| 801 |
|
1 |
|a RU
|b 63413507
|c 20070602
|g PSBO
|
| 801 |
|
2 |
|a RU
|b 63413507
|c 20171228
|g PSBO
|
| 942 |
|
|
|c BK
|